Elements of the Periodic Table By Symbol - Statistics

General Stats
  • This quiz has been taken 106 times
  • The average score is 79 of 118
Answer Stats
# Element Symbol % Correct
5 Boron B
100%
1 Hydrogen H
98%
6 Carbon C
95%
7 Nitrogen N
95%
8 Oxygen O
95%
15 Phosphorus P
95%
2 Helium He
93%
19 Potassium K
93%
16 Sulfur S
93%
9 Fluorine F
90%
23 Vanadium V
90%
18 Argon Ar
88%
53 Iodine I
88%
3 Lithium Li
88%
39 Yttrium Y
88%
92 Uranium U
86%
4 Beryllium Be
83%
12 Magnesium Mg
83%
10 Neon Ne
83%
74 Tungsten W
83%
20 Calcium Ca
81%
22 Titanium Ti
81%
13 Aluminium Al
79%
11 Sodium Na
79%
33 Arsenic As
76%
35 Bromine Br
76%
24 Chromium Cr
76%
29 Copper Cu
76%
26 Iron Fe
76%
32 Germanium Ge
76%
84 Polonium Po
76%
54 Xenon Xe
76%
79 Gold Au
74%
17 Chlorine Cl
74%
31 Gallium Ga
74%
25 Manganese Mn
74%
42 Molybdenum Mo
74%
28 Nickel Ni
74%
94 Plutonium Pu
74%
14 Silicon Si
74%
89 Actinium Ac
71%
47 Silver Ag
71%
58 Cerium Ce
71%
27 Cobalt Co
71%
87 Francium Fr
71%
36 Krypton Kr
71%
57 Lanthanum La
71%
34 Selenium Se
71%
52 Tellurium Te
71%
85 Astatine At
69%
83 Bismuth Bi
69%
78 Platinum Pt
69%
73 Tantalum Ta
69%
95 Americium Am
67%
76 Osmium Os
67%
59 Praseodymium Pr
67%
88 Radium Ra
67%
21 Scandium Sc
67%
30 Zinc Zn
67%
56 Barium Ba
64%
55 Caesium Cs
64%
80 Mercury Hg
64%
67 Holmium Ho
64%
60 Neodymium Nd
64%
102 Nobelium No
64%
118 Oganesson Og
64%
91 Protactinium Pa
64%
82 Lead Pb
64%
75 Rhenium Re
64%
90 Thorium Th
64%
68 Erbium Er
62%
45 Rhodium Rh
62%
86 Radon Rn
62%
51 Antimony Sb
62%
117 Tennessine Ts
62%
99 Einsteinium Es
60%
63 Europium Eu
60%
114 Flervium Fl
60%
49 Indium In
60%
44 Ruthenium Ru
60%
96 Curium Cm
57%
72 Hafnium Hf
57%
115 Moscovium Mc
57%
41 Niobium Nb
57%
46 Palladium Pd
57%
61 Promethium Pm
57%
37 Rubidium Rb
57%
62 Samarium Sm
57%
50 Tin Sn
57%
38 Strontium Sr
57%
64 Gadolinium Gd
55%
93 Neptunium Np
52%
111 Roentgenium Rg
52%
43 Technetium Tc
52%
81 Thallium Tl
52%
40 Zirconium Zr
52%
48 Cadmium Cd
50%
112 Copernicium Cn
50%
77 Irdium Ir
50%
101 Mendelevium Md
50%
69 Thulium Tm
50%
107 Bohrium Bh
48%
98 Californium Cf
48%
103 Lawrencium Lr
48%
109 Meitnerium Mt
48%
104 Rutherfordium Rf
48%
65 Terbium Tb
48%
70 Ytterbium Yb
48%
108 Hassium Hs
45%
116 Livermorium Lv
45%
106 Seaborgium Sg
45%
110 Darmstadtium Ds
43%
66 Dysprosium Dy
43%
113 Nihonium Nh
43%
97 Berkelium Bk
40%
105 Dubnium Db
40%
71 Lutetium Lt
40%
100 Fermium Fm
38%
No matching quizzes found
Score Distribution
Percent of People with Each Score
Percentile by Number Answered
Your Score History
You have not taken this quiz